[Event "Titled Tue 3rd Jan Late"]
[Site "chess.com INT"]
[Date "2025.06.03"]
[Round "1"]
[White "Walmer, Benjamin"]
[Black "Do Carmo, Gabriel Carckeno"]
[Result "0-1"]
[WhiteElo "1990"]
[BlackElo "2021"]
[WhiteFideId "30958164"]
[BlackFideId "22783024"]
[EventDate "2025.06.03"]

1. Nf3 Nf6 2. e3 d5 3. c4 e6 4. Nc3 Be7 5. b3 O-O 6. Bb2 c5 7. cxd5 exd5 8. d4
Nc6 9. Be2 Re8 10. O-O a6 11. Rc1 h6 12. dxc5 Be6 13. Na4 Ne4 14. Nd4 Nxd4 15.
Bxd4 Qc7 16. f3 Nf6 17. Qd3 Rad8 18. Rfd1 g6 19. b4 Bd7 20. Nb6 Bb5 21. Qd2 Bxe2
22. Qxe2 Nd7 23. Nxd5 Qc6 24. Ba1 Bg5 25. Qb2 Ne5 26. Qb3 Rxd5 27. Qxd5 Bxe3+
28. Kf1 Qb5+ 29. Ke1 Bxc1 30. Bxe5 Bf4 31. Kf2 Bxe5 32. Re1 Bf6 33. Re4 Rxe4 34.
Qxe4 Qa4 35. Qb1 a5 36. a3 axb4 37. axb4 Qb5 38. Qe4 Kg7 39. h4 Qc6 40. Qc4 Qe6
41. Qd3 Bxh4+ 42. g3 Bf6 43. f4 Qe7 44. Qd5 Qd8 45. Qxb7 Qd4+ 46. Kg2 h5 47. Qb5
Qe3 48. Qf1 Bd4 49. b5 Bxc5 50. Kh3 Qe6+ 51. Kg2 Qa2+ 52. Kh3 Qd5 53. Kh2 Bb6
54. Qg2 Qxb5 55. Qf3 Qc5 56. Qg2 Qf2 57. Kh3 Qxg2+ 58. Kxg2 Kf6 59. Kf3 Kf5 60.
Kg2 f6 61. Kh2 Kg4 62. Kg2 h4 63. gxh4 Kxh4 64. Kf3 g5 65. f5 g4+ 66. Kg2 g3 67.
Kf3 Kh3 68. Ke2 g2 69. Kf3 g1=Q 70. Ke4 Qg4+ 71. Kd5 Qxf5+ 72. Kc6 Qe5 73. Kxb6
Qd5 74. Kc7 Kg4 75. Kb6 Kf5 76. Kc7 Ke5 77. Kb6 Ke6 78. Kc7 Qd6+ 79. Kb7 Qc5 80.
Ka6 Qb4 81. Ka7 Kd6 82. Ka6 Kc7 83. Ka7 f5 84. Ka6 f4 0-1

[Event "Titled Tue 3rd Jan Late"]
[Site "chess.com INT"]
[Date "2025.06.03"]
[Round "1"]
[White "Al Busaidi, Hamood"]
[Black "Carnicelli, Valerio"]
[Result "0-1"]
[WhiteTitle "CM"]
[BlackTitle "FM"]
[WhiteElo "2027"]
[BlackElo "2396"]
[WhiteFideId "22006230"]
[BlackFideId "856185"]
[EventDate "2025.06.03"]

1. e4 d6 2. d4 Nf6 3. Nc3 e5 4. Nge2 Be7 5. h3 O-O 6. g4 c6 7. Bg2 b5 8. a3 Nbd7
9. Be3 Re8 10. Ng3 Nb6 11. dxe5 dxe5 12. Qxd8 Rxd8 13. b3 Be6 14. Nf5 Bf8 15.
O-O Rd7 16. a4 b4 17. Ne2 Rad8 18. a5 Nc8 19. g5 Nh5 20. Bf3 g6 21. Bxh5 gxf5
22. exf5 Bxf5 23. Bg4 Bxg4 24. hxg4 Ne7 25. Ng3 Nd5 26. Nf5 Nxe3 27. fxe3 Rd2
28. Rf2 c5 29. Raf1 a6 30. Ng3 Rxf2 31. Rxf2 Be7 32. Ne4 Kg7 33. Rf5 Rd5 34. Kf2
c4 35. bxc4 Rxa5 36. Ke2 Ra2 37. Kd3 Ra3+ 38. Kd2 Ra5 39. c5 Bxc5 40. Kd3 Be7
41. Kc4 Rb5 42. Kb3 a5 43. Ka4 Rd5 44. Nf6 Bxf6 45. gxf6+ Kg6 46. e4 Rc5 47. Kb3
Rc3+ 48. Ka4 Rxc2 49. Kxa5 b3 50. Rxe5 b2 51. Rb5 Rc5 52. Rxc5 b1=Q 53. Rb5 Qxe4
54. g5 Qe1+ 55. Kb6 Qe6+ 56. Ka5 Qa2+ 57. Kb6 Qa8 58. Kc7 Qe4 59. Kb6 Qe8 60.
Ka5 Qxb5+ 61. Kxb5 Kxg5 62. Kc5 Kxf6 63. Kd4 Kf5 64. Ke3 Kg4 65. Kf2 Kf4 66. Kg2
Ke3 67. Kf1 Kf3 68. Ke1 f5 69. Kf1 f4 70. Kg1 Ke2 71. Kg2 f3+ 72. Kh2 f2 73. Kg3
f1=Q 74. Kh4 Qg2 75. Kh5 Kf3 76. Kh6 Qg6# 0-1

[Event "Titled Tue 3rd Jan Late"]
[Site "chess.com INT"]
[Date "2025.06.03"]
[Round "1"]
[White "Akhayan, Ruben"]
[Black "Harvey, Marcus R"]
[Result "1/2-1/2"]
[WhiteTitle "FM"]
[BlackTitle "IM"]
[WhiteElo "2265"]
[BlackElo "2447"]
[WhiteFideId "204439"]
[BlackFideId "400092"]
[EventDate "2025.06.03"]

1. Nf3 d5 2. d4 Bf5 3. Bf4 c6 4. e3 Qb6 5. b3 e6 6. Bd3 Bxd3 7. Qxd3 Qa6 8. O-O
Qxd3 9. cxd3 Nf6 10. Nbd2 a5 11. h3 Ba3 12. Rad1 Na6 13. Nb1 Be7 14. a3 O-O 15.
Ne5 Rfc8 16. Rc1 Nc7 17. Bg5 Rd8 18. Rc2 Nb5 19. a4 Nc7 20. Rfc1 Na6 21. Re2 Nb4
22. Rd1 h6 23. Bh4 Kf8 24. Nd2 Nd7 25. Bxe7+ Kxe7 26. Nxd7 Rxd7 27. Nf3 Ra6 28.
Ne5 Rd8 29. f4 Rb6 30. Rf2 f6 31. Ng4 Na6 32. Rb1 Rc8 33. f5 c5 34. fxe6 cxd4
35. exd4 Rxe6 36. Rf3 Rc2 37. Ne3 Rd2 38. Nxd5+ Kf7 39. Nf4 Rc6 40. Rf2 Rxf2 41.
Kxf2 Rc2+ 42. Kf3 Nb4 43. d5 g5 44. Ne6 Nxd5 45. Nd8+ Kg6 46. Nxb7 f5 47. Nxa5
h5 48. g4 fxg4+ 49. hxg4 hxg4+ 50. Kxg4 Rd2 51. Kf3 Rxd3+ 52. Ke4 Rd2 53. Nc4
Nc3+ 54. Ke3 Rd8 55. Rg1 Re8+ 56. Kd3 Ne4 57. a5 Nc5+ 58. Kc3 Rh8 59. b4 Rh3+
60. Kd4 Nb3+ 61. Kd5 Rd3+ 62. Kc6 Rc3 63. Kb5 Nd4+ 64. Kc5 Ne6+ 65. Kd6 Nf4 66.
Ne5+ Kf5 67. Nd7 Rd3+ 68. Kc7 Nd5+ 69. Kb8 Nxb4 70. Rf1+ Ke4 71. Nc5+ Kd4 72.
Nxd3 Kxd3 73. Rg1 Nc6+ 74. Kc7 Nxa5 75. Rxg5 Nc4 76. Rg4 Ne3 77. Rg3 Ke4 78.
Rxe3+ Kxe3 1/2-1/2

[Event "Titled Tue 3rd Jan Late"]
[Site "chess.com INT"]
[Date "2025.06.03"]
[Round "1"]
[White "Bacrot, Etienne"]
[Black "Bratovic, Blaz"]
[Result "1/2-1/2"]
[WhiteTitle "GM"]
[BlackTitle "IM"]
[WhiteElo "2633"]
[BlackElo "2319"]
[WhiteFideId "605506"]
[BlackFideId "14603551"]
[EventDate "2025.06.03"]

1. e4 c5 2. Nf3 d6 3. c3 Nf6 4. Be2 g6 5. O-O Bg7 6. Bb5+ Bd7 7. Bxd7+ Nbxd7 8.
Qe2 e5 9. d4 O-O 10. dxe5 Nxe5 11. Nxe5 dxe5 12. c4 Qc8 13. Nc3 h6 14. Be3 b6
15. Rad1 Rd8 16. Rxd8+ Qxd8 17. Rd1 Qe7 18. Qd2 Kh7 19. Qd6 Re8 20. Qxe7 Rxe7
21. f3 Rd7 22. Ra1 h5 23. Kf2 Bh6 24. Nd5 Nxd5 25. cxd5 f5 26. a4 a6 27. Ra3 Rd6
28. Rc3 Kg7 29. Bxh6+ Kxh6 30. Ke3 Kg7 31. a5 bxa5 32. Rxc5 Rb6 33. exf5 gxf5
34. Rxa5 Kf6 35. b4 f4+ 36. Kd3 Rxb4 37. Rxa6+ Kf5 38. Kc3 Rd4 39. Rd6 h4 40. h3
Kg5 41. Rd8 Kf5 42. d6 Ke6 43. Rh8 Rd1 44. Rxh4 Kxd6 45. Rh6+ Kd5 46. Rg6 Rc1+
47. Kd2 Rg1 48. Ke2 Kd4 49. Kf2 Rh1 50. Rd6+ Kc5 51. Rd8 Ra1 52. h4 Rh1 53. Rh8
Kd5 54. g4 fxg3+ 55. Kg2 Rh2+ 56. Kxg3 Rh1 57. h5 Ke6 58. Kg4 Kf6 59. Rh6+ Kf7
60. Rh7+ Kf6 61. Rh6+ Kf7 62. Kf5 Rf1 63. Ke4 Re1+ 64. Kf5 Rf1 65. Rf6+ Kg7 66.
Rg6+ Kf7 67. Rg3 Re1 68. Rh3 Kg7 69. Rh4 Kh6 70. Rh2 Re3 71. Rh3 Re1 72. Ke6 Re3
73. Kd5 e4 74. Kd4 Rxf3 75. Rh4 Rg3 76. Rh1 Rg5 77. Kxe4 Rxh5 78. Rd1 Rg5 79.
Kf3 Rf5+ 80. Kg4 Rg5+ 81. Kh4 Rh5+ 82. Kg4 Rg5+ 83. Kf4 Rg6 84. Rh1+ Kg7 85. Kf5
Rf6+ 86. Kg5 1/2-1/2

[Event "Titled Tue 3rd Jan Late"]
[Site "chess.com INT"]
[Date "2025.06.03"]
[Round "1"]
[White "Garcia, Jhoel"]
[Black "Karamsetty, Jeevan"]
[Result "1-0"]
[WhiteTitle "IM"]
[BlackTitle "FM"]
[WhiteElo "2304"]
[BlackElo "2244"]
[WhiteFideId "3801110"]
[BlackFideId "2025337"]
[EventDate "2025.06.03"]

1. Nf3 g6 2. b3 Bg7 3. d4 d6 4. Bb2 Nf6 5. e3 O-O 6. Nbd2 a5 7. a3 c5 8. c4 b6
9. d5 e5 10. e4 Nh5 11. g3 f5 12. exf5 Bxf5 13. Nh4 Bc8 14. Bg2 Nf4 15. Be4 Bh3
16. Qc2 Nh5 17. a4 Nd7 18. O-O-O Rxf2 19. Qd3 Ndf6 20. Bc3 Ng4 21. Ndf3 Qf6 22.
Kb1 Rf8 23. Bd2 Bg2 24. Nxg2 Rxg2 25. Ng5 Nf2 26. Qe2 Nxd1 27. Qxg2 Nf2 28. Rf1
h6 29. Nh3 Nxe4 30. Rxf6 Nhxf6 31. Be1 g5 32. Nf2 Nxf2 33. Qxf2 Ng4 34. Qe2 h5
35. h3 Nf6 36. Bd2 g4 37. hxg4 Nxg4 38. Be1 Rf5 39. Qe4 Rf1 40. Ka2 Kf7 41. Bc3
Rf2+ 42. Ka3 Bh6 43. Qh7+ Kf8 44. Bb2 Rh2 45. Qf5+ Kg7 46. Qd7+ Kg8 47. Qe6+ Kh7
48. Qxd6 Ne3 49. Qe7+ Bg7 50. Bxe5 Nc2+ 51. Kb2 Nb4+ 52. Kc1 Nd3+ 53. Kd1 Nxe5
54. d6 Rh1+ 55. Ke2 Rh2+ 56. Kf1 Ng4 57. Qe4+ Kh6 58. d7 Rf2+ 59. Ke1 Bf6 60.
Qe8 Bc3+ 61. Kd1 Bf6 62. d8=Q Bxd8 63. Qxd8 Ne3+ 64. Ke1 Ng4 65. Qxb6+ Kh7 66.
Qxc5 Ra2 67. Qxa5 Kg6 68. Qb6+ Kg5 69. Qc5+ Kg6 70. Qd6+ Kg5 71. Qd5+ Kg6 72. a5
Ra1+ 73. Ke2 Ra2+ 74. Kd3 Ra1 75. Qd6+ Kg5 76. Qe7+ Kg6 77. Qe6+ Kg5 78. Qg8+
Kh6 79. Qh8+ Kg5 80. Qxa1 Nf2+ 81. Ke2 Ng4 82. Qc1+ Kf5 83. Qf4+ Kg6 84. Qxg4+
hxg4 85. Ke3 Kf5 86. c5 Ke6 87. b4 Kd7 88. Kf4 Kc6 89. Kxg4 Kb5 90. Kf4 Ka6 91.
c6 Kb5 92. c7 Ka6 93. c8=Q+ Ka7 94. Qc7+ Ka8 95. Qd7 Kb8 96. a6 Ka8 97. Qb7# 1-0

[Event "Titled Tue 3rd Jan Late"]
[Site "chess.com INT"]
[Date "2025.06.03"]
[Round "1"]
[White "Bhatia, Kanishka"]
[Black "Yurtseven, Melih"]
[Result "0-1"]
[WhiteTitle "WCM"]
[BlackTitle "IM"]
[WhiteElo "1979"]
[BlackElo "2339"]
[WhiteFideId "2410095"]
[BlackFideId "6312160"]
[EventDate "2025.06.03"]

1. e4 c5 2. Nf3 Nc6 3. d3 e6 4. g3 b6 5. Bg2 Bb7 6. O-O Nf6 7. Nbd2 d6 8. c3 Be7
9. Qe2 O-O 10. Re1 Rc8 11. Nf1 Re8 12. Ne3 Bf8 13. Bd2 a6 14. Rad1 b5 15. h4 Rc7
16. Nh2 Qa8 17. Neg4 Nd7 18. h5 h6 19. f4 b4 20. Nf2 a5 21. g4 e5 22. g5 exf4
23. gxh6 bxc3 24. bxc3 gxh6 25. Qg4+ Kh8 26. Qxf4 Nde5 27. Nhg4 Nxg4 28. Nxg4
Ne5 29. Nf6 Re6 30. Qf5 Rxf6 31. Qxf6+ Bg7 32. Qf1 Qd8 33. Bf4 Qh4 34. d4 cxd4
35. cxd4 Ng4 36. Qd3 Qf2+ 37. Kh1 Qxf4 38. Rf1 Nf2+ 39. Rxf2 Qxf2 40. Qh3 Qf6
41. e5 Bxg2+ 42. Qxg2 Qe7 43. Qa8+ Qf8 44. Qe4 dxe5 45. dxe5 Re7 46. Re1 Rxe5
47. Qb1 Qa8+ 48. Kh2 Qb8 49. Kh3 Qxb1 50. Rxb1 Rxh5+ 51. Kg4 Rg5+ 52. Kf4 Be5+
53. Ke4 Kg7 54. Rb5 Bc3 55. Rb3 Bb4 56. a3 Be7 57. a4 Rg4+ 58. Kf5 Rg5+ 59. Kf4
Bf6 60. Rb5 Kg6 61. Rb8 Rf5+ 62. Kg4 Rg5+ 63. Kh3 Rh5+ 64. Kg4 Rh4+ 65. Kg3 Rxa4
66. Rg8+ Kf5 67. Ra8 Ra1 68. Kf3 a4 69. Ra5+ Kg6 70. Ra6 a3 71. Ra4 a2 72. Rg4+
Bg5 73. Kg2 Rg1+ 74. Kxg1 a1=Q+ 75. Kg2 Qb2+ 76. Kh3 Qc3+ 77. Rg3 Qc8+ 78. Rg4
h5 79. Kh2 Qxg4 80. Kh1 Kf5 81. Kh2 Ke4 82. Kh1 Kd5 83. Kh2 Kc4 84. Kh1 Kb3 85.
Kh2 Kc2 86. Kh1 Kb1 87. Kh2 Ka2 88. Kh1 Ka3 0-1

[Event "Titled Tue 3rd Jan Late"]
[Site "chess.com INT"]
[Date "2025.06.03"]
[Round "1"]
[White "Petrenko, Maryna"]
[Black "Gyurjinyan, Valter"]
[Result "1/2-1/2"]
[WhiteTitle "WFM"]
[BlackTitle "CM"]
[WhiteElo "2116"]
[BlackElo "2208"]
[WhiteFideId "14197820"]
[BlackFideId "13318179"]
[EventDate "2025.06.03"]

1. d4 Nf6 2. Nf3 d5 3. c4 e6 4. g3 Be7 5. Bg2 O-O 6. O-O dxc4 7. Qc2 a6 8. a4
Bd7 9. Rd1 Bc6 10. Nc3 Bb4 11. Bg5 Nbd7 12. d5 exd5 13. Nxd5 Bxd5 14. Rxd5 Qe8
15. Bxf6 Nxf6 16. Re5 Qc6 17. Ng5 Qd6 18. Rf5 g6 19. Rf4 Rad8 20. Qxc4 c5 21.
Bxb7 Qe7 22. Bxa6 Bd2 23. Rxf6 Qxf6 24. Ne4 Qxb2 25. Rd1 Bb4 26. Rxd8 Rxd8 27.
Nxc5 Bxc5 28. Qxc5 Qa1+ 29. Kg2 Qxa4 30. Bd3 Qd7 31. Qb6 Qd5+ 32. Kg1 Qd6 33.
Qxd6 Rxd6 34. Kg2 Kg7 35. h4 h6 36. Kf3 Rd4 37. Ke3 Ra4 38. Kf3 g5 39. hxg5 hxg5
40. g4 Kf6 41. Bf5 Ke5 42. Kg3 Ra2 43. Bd3 f6 44. e3 Rd2 45. Bf5 Kd5 46. Kf3 Rb2
47. Kg3 Kc4 48. f4 Kd5 49. fxg5 fxg5 50. e4+ Ke5 51. Kf3 Rb3+ 52. Ke2 Kd4 53.
Kd2 Rb2+ 54. Ke1 Ke3 55. Kd1 Rd2+ 56. Kc1 Rd4 57. e5 Rc4+ 58. Kb2 Rc5 59. e6 Re5
60. Kc3 Kf4 61. Kd4 Re1 62. Kd5 Rd1+ 63. Kc6 Re1 64. Kd7 Rd1+ 65. Ke7 Ke5 66.
Kf7 Ra1 67. Kg6 Kd6 68. Kxg5 Ke7 69. Kg6 Ra8 70. Kg7 Ra5 71. Kg6 Rb5 72. Bd3 Rd5
73. Be4 Rd4 74. Bf5 Rd8 75. g5 Rg8+ 76. Kh6 Rh8+ 77. Kg7 Rh5 78. Kg6 Rh8 79. Kg7
Rf8 80. Kg6 Rg8+ 81. Kh6 Rf8 82. Kg6 Rg8+ 1/2-1/2

[Event "Titled Tue 3rd Jan Late"]
[Site "chess.com INT"]
[Date "2025.06.03"]
[Round "1"]
[White "Noroozi, Omid"]
[Black "Gattani, Sarthak"]
[Result "1/2-1/2"]
[WhiteTitle "IM"]
[WhiteElo "2266"]
[BlackElo "1869"]
[WhiteFideId "12501190"]
[BlackFideId "30995965"]
[EventDate "2025.06.03"]

1. c4 e6 2. Nc3 d5 3. d4 Nf6 4. cxd5 exd5 5. Bg5 Be7 6. e3 c6 7. Bd3 h6 8. Bh4
O-O 9. Nge2 Re8 10. O-O Ne4 11. Bxe7 Qxe7 12. Qc2 f5 13. Rae1 Nd7 14. f3 Nxc3
15. Nxc3 g6 16. e4 fxe4 17. fxe4 dxe4 18. Nxe4 Qg7 19. Bc4+ Kh8 20. Qf2 Nb6 21.
Bb3 Bf5 22. Nd6 Rf8 23. Qh4 g5 24. Qg3 Qxd4+ 25. Kh1 Bg6 26. h3 Qg7 27. h4 gxh4
28. Qxh4 Rad8 29. Rxf8+ Rxf8 30. Re7 Rf1+ 31. Kh2 Qf8 32. Qd4+ Qf6 33. Nf7+ Bxf7
34. Qd8+ Kg7 35. Rxf7+ Qxf7 36. Bxf7 Rxf7 37. Qb8 a6 38. Qe5+ Kg8 39. Qe8+ Kg7
40. Qe3 Nd5 41. Qd4+ Kg6 42. a3 Rf4 43. Qc5 Rf7 44. Qd6+ Kg7 45. b4 Rf6 46. Qb8
Rf7 47. a4 Nxb4 48. Qe5+ Kg8 49. Qe8+ Kg7 50. Qe4 Nd5 51. Qd4+ Kf8 52. Qc5+ Kg7
53. Qc1 Kg6 54. Kh3 Rf6 55. g3 b5 56. Kg4 h5+ 57. Kh4 b4 58. Qg5+ Kf7 59. Qxh5+
Ke6 60. Qe2+ Kd6 61. g4 a5 62. g5 Re6 63. Qh2+ Kc5 64. g6 Rxg6 65. Qf2+ Kd6 66.
Qf8+ Ne7 67. Qd8+ Ke6 68. Qxa5 Rh6+ 69. Kg3 Rg6+ 70. Kf2 Nd5 71. Qc5 Rf6+ 72.
Ke1 Kd7 73. a5 Rf4 74. a6 Re4+ 75. Kf1 Re8 76. Qd4 Kc7 77. Qg7+ Kb6 78. Qb7+ Kc5
79. a7 Nb6 80. Qb8 Rxb8 81. axb8=Q b3 82. Qe5+ Kb4 83. Ke2 Nc4 84. Qb8+ Kc3 85.
Qh8+ Kc2 86. Qh7+ Kc3 87. Qg7+ Kc2 88. Qg6+ Kc3 89. Qxc6 b2 90. Qf6+ Kb3 91.
Qxb2+ Nxb2 1/2-1/2

[Event "Titled Tue 3rd Jan Late"]
[Site "chess.com INT"]
[Date "2025.06.03"]
[Round "1"]
[White "Ferrara, Enzo"]
[Black "Sadubayev, Airat"]
[Result "1/2-1/2"]
[BlackTitle "FM"]
[WhiteElo "2138"]
[BlackElo "2211"]
[WhiteFideId "137731"]
[BlackFideId "13713264"]
[EventDate "2025.06.03"]

1. d4 d5 2. Nf3 Nf6 3. g3 e6 4. Bg2 Be7 5. O-O O-O 6. c4 dxc4 7. Nc3 Bd7 8. Ne5
Bc6 9. e4 Bb4 10. Re1 b5 11. Be3 Bb7 12. g4 a6 13. Qc2 Nbd7 14. g5 Nxe5 15. gxf6
Nd3 16. fxg7 Kxg7 17. Rf1 Qh4 18. f4 Kh8 19. Ne2 Rg8 20. Ng3 Rxg3 21. hxg3 Qxg3
22. Rf3 Qg4 23. d5 f6 24. Kh2 Rg8 25. Rg1 Bd6 26. Qd2 Qh4+ 27. Rh3 Bxf4+ 28.
Bxf4 Qxf4+ 29. Qxf4 Nxf4 30. Rf3 Nxg2 31. Rxg2 Rxg2+ 32. Kxg2 exd5 33. Rxf6 dxe4
34. Rf7 e3+ 35. Kf1 Bd5 36. Re7 c6 37. Ke2 Kg8 38. a3 a5 39. Kxe3 a4 40. Kf4 h5
41. Re5 h4 42. Rh5 Kf7 43. Ke5 Kg6 44. Rxh4 Kg5 45. Rd4 Bg2 46. Rd2 Bf3 47. Rf2
Kg4 48. Kd4 Kg3 49. Rf1 Bg2 50. Re1 Kf2 51. Re7 Bf3 52. Kc5 Bg2 53. Kb4 Bf3 54.
Re5 Kg3 55. Kc3 Kf4 56. Kd4 Kg3 57. Ke3 Bd5 58. Rg5+ Kh4 59. Rg7 Kh3 60. Kf4 Kh2
61. Rg5 Kh3 62. Ke5 Bg2 63. Rg7 Kh2 64. Kd4 Kg1 65. Kc5 Kf2 66. Re7 Bf3 67. Kb4
Kg3 68. Kc3 Kf4 69. Kd4 Kf5 70. Rf7+ Kg4 71. Ke3 Bd5 72. Rf4+ Kg5 73. Rf2 Kg6
74. Kd4 Kg5 75. Ke5 Kg4 76. Rf8 Bf3 77. Rf4+ Kg3 78. Rf6 Kf2 79. Kd4 Ke2 80. Kc3
Ke3 81. Re6+ Be4 82. Re8 Kf4 83. Kd4 Bf3 84. Rf8+ Kg3 85. Ke3 Bd5 86. Rg8+ Kh4
87. Rg7 Kh5 88. Rg1 Kh6 89. Kf4 Kh5 90. Rg3 Kh6 91. Kf5 Kh7 92. Kf6 Kh8 93. Rh3+
Kg8 94. Rh4 1/2-1/2

[Event "Titled Tue 3rd Jan Late"]
[Site "chess.com INT"]
[Date "2025.06.03"]
[Round "1"]
[White "Gimeno Martos, Roberto"]
[Black "Panin, Mikhail"]
[Result "1/2-1/2"]
[WhiteTitle "CM"]
[BlackTitle "CM"]
[WhiteElo "2090"]
[BlackElo "2262"]
[WhiteFideId "2226804"]
[BlackFideId "34164992"]
[EventDate "2025.06.03"]

1. d4 Nf6 2. Nf3 g6 3. Nc3 d5 4. Bg5 Bg7 5. Qd2 h6 6. Bh4 O-O 7. h3 Bf5 8. e3
Ne4 9. Nxe4 dxe4 10. Nh2 c5 11. c3 Nc6 12. Be2 g5 13. Bg3 Qb6 14. O-O Rad8 15.
Rfd1 cxd4 16. exd4 Rd7 17. Ng4 Rfd8 18. Ne3 Bg6 19. Nc4 Nxd4 20. Nxb6 Nf3+ 21.
gxf3 Rxd2 22. Nc4 Rxd1+ 23. Rxd1 Rc8 24. Ne3 f5 25. Nd5 Kf8 26. f4 e6 27. Nb4
Ke7 28. fxg5 hxg5 29. f4 Bh6 30. fxg5 Bxg5 31. Bd6+ Kf7 32. Bg3 Ke7 33. Nc2 Be8
34. Nd4 a6 35. h4 Bf6 36. h5 Bd7 37. Kf2 Rg8 38. Rg1 Rh8 39. Bf4 e5 40. Bg5 exd4
41. cxd4 Be6 42. Bxf6+ Kxf6 43. Ke3 Kf7 44. Kf4 Bxa2 45. Rg6 Be6 46. Ke5 Bd7 47.
Rd6 Ke7 48. Rg6 a5 49. Kf4 Kf7 50. Kg5 Be6 51. h6 Rh7 52. Bh5 Ke7 53. Kf4 Bf7
54. Rg7 Rxg7 55. hxg7 Bg8 56. Bg6 Kf6 57. Bxf5 e3 58. Bd3 Kxg7 59. Kxe3 Kf6 60.
Ke4 Ke6 61. d5+ Kd6 62. Kd4 Bxd5 63. Bc2 Be6 64. Bd3 Kc6 65. Be4+ Kb6 66. Kc3
Bd7 67. Bd3 Bc6 68. Bc2 Kc5 69. Bd3 b6 70. Bc2 Bd5 71. Bd3 Be6 72. Bc2 Bc4 73.
Bd1 Bf1 74. Bc2 b5 75. Bd1 b4+ 76. Kc2 Bc4 77. b3 Bd5 78. Kb2 Kd4 79. Bc2 Ke3
80. Bd1 Kd2 81. Bg4 Be4 82. Bd7 Bd5 83. Ba4 Bf7 84. Bb5 Ke3 85. Ba4 Kd4 86. Bb5
Kc5 87. Ba4 Be6 88. Be8 Bg8 89. Bg6 Bd5 90. Bc2 Bc6 91. Bd3 Kd4 92. Bc2 Be4 93.
Bd1 Kd3 94. Bh5 Ke3 95. Bf7 Bf3 96. Bg8 Kd2 97. Bf7 Be2 98. Bg8 Bb5 99. Bf7 Ke1
100. Bg8 Kf2 101. Bf7 Bc6 102. Bg8 Be8 103. Bc4 Ke3 104. Bd5 Kd4 105. Bg8 a4
106. bxa4 Bxa4 107. Bf7 Kc5 108. Bg8 Bc6 109. Bf7 Ba4 110. Bg8 Kb6 111. Bf7 Ka5
112. Bg8 Bd7 113. Bf7 Bf5 114. Bg8 Bg6 115. Be6 Be4 116. Bg8 Bc6 117. Bf7 Ba4
118. Bg8 Kb6 119. Bf7 Kc7 120. Bg8 Kd6 121. Bf7 Ke5 122. Bg8 Kf6 123. Bc4 Kf5
124. Bg8 Ke5 125. Bc4 Kd4 126. Bg8 Bb5 127. Bf7 Bc4 128. Be8 Kc5 129. Bg6 Kc6
130. Bh7 Kd6 131. Bg6 Ke7 132. Bh7 Kf8 133. Bc2 Kg7 134. Be4 Kf6 135. Bc2 Ke5
136. Bd1 Kd4 137. Bc2 Bd5 138. Bh7 Kc5 139. Bg6 Bg8 140. Bf5 Kd4 141. Bg6 Bd5
142. Be8 Kc5 143. Bg6 1/2-1/2

[Event "Titled Tue 3rd Jan Late"]
[Site "chess.com INT"]
[Date "2025.06.03"]
[Round "2"]
[White "Maglioni, Leonardo"]
[Black "Deichmann, Esteban Horacio"]
[Result "0-1"]
[WhiteElo "2069"]
[BlackElo "2085"]
[WhiteFideId "2896830"]
[BlackFideId "167410"]
[EventDate "2025.06.03"]

1. d4 c5 2. dxc5 e5 3. e4 Bxc5 4. Nc3 d6 5. Bd3 Nc6 6. Nf3 Nge7 7. h3 O-O 8. O-O
f5 9. Bc4+ Kh8 10. Ng5 Qe8 11. Ne6 Bxe6 12. Bxe6 f4 13. Qg4 Nd4 14. Bb3 Rf6 15.
Nd5 Rg6 16. Qh4 Nf3+ 0-1

[Event "Titled Tue 3rd Jan Late"]
[Site "chess.com INT"]
[Date "2025.06.03"]
[Round "2"]
[White "Argandona Riveiro, Inigo"]
[Black "Harish, Neeraj"]
[Result "1-0"]
[WhiteTitle "IM"]
[BlackTitle "CM"]
[WhiteElo "2333"]
[BlackElo "2192"]
[WhiteFideId "2212072"]
[BlackFideId "30958130"]
[EventDate "2025.06.03"]

1. Nf3 d5 2. c4 c6 3. d4 Nf6 4. e3 e6 5. b3 Nbd7 6. Bb2 Bd6 7. Nbd2 O-O 8. Bd3
Re8 9. Ne5 c5 10. O-O cxd4 11. exd4 b6 12. f4 Bb7 13. Qf3 Rc8 14. Qh3 Ne4 15.
Nxd7 Qxd7 16. cxd5 exd5 17. Qxd7 Re7 18. Qh3 Nxd2 19. Qxh7+ 1-0

[Event "Titled Tue 3rd Jan Late"]
[Site "chess.com INT"]
[Date "2025.06.03"]
[Round "2"]
[White "Gattani, Sarthak"]
[Black "Jaskolka, Tomasz"]
[Result "0-1"]
[BlackTitle "CM"]
[WhiteElo "1869"]
[BlackElo "2200"]
[WhiteFideId "30995965"]
[BlackFideId "1170791"]
[EventDate "2025.06.03"]

1. d4 g6 2. c4 Bg7 3. Nc3 c5 4. d5 Bxc3+ 5. bxc3 e5 6. e4 d6 7. Bd3 Qe7 8. Ne2
Kd8 9. h4 h5 10. f4 Nd7 11. fxe5 Nxe5 12. Bf4 Nh6 13. Qd2 Nhg4 14. g3 Nf3+ 15.
Kd1 Nxd2 16. Kxd2 Kc7 17. Rhf1 f6 18. a4 a5 19. Rab1 Ne5 20. Nc1 Re8 21. Bxe5
Qxe5 22. Ne2 f5 23. exf5 Bxf5 24. Bxf5 Qxe2+ 25. Kc1 Qxf1+ 0-1

[Event "Titled Tue 3rd Jan Late"]
[Site "chess.com INT"]
[Date "2025.06.03"]
[Round "2"]
[White "Fedorov, Artem Alek"]
[Black "Arya G Mallar"]
[Result "1-0"]
[WhiteTitle "CM"]
[BlackTitle "WCM"]
[WhiteElo "2198"]
[BlackElo "2014"]
[WhiteFideId "34418431"]
[BlackFideId "25115324"]
[EventDate "2025.06.03"]

1. e4 c5 2. Nf3 d6 3. d4 cxd4 4. Qxd4 Nc6 5. Bb5 Bd7 6. Bxc6 Bxc6 7. Nc3 Nf6 8.
Bg5 e5 9. Qd3 Be7 10. O-O-O Qa5 11. Nd2 Rd8 12. Nc4 Qc7 13. Bxf6 gxf6 14. Ne3
Bf8 15. Ncd5 Be7 16. Nxc7+ 1-0

[Event "Titled Tue 3rd Jan Late"]
[Site "chess.com INT"]
[Date "2025.06.03"]
[Round "2"]
[White "Ozcan, Kaan"]
[Black "Dudin, Gleb"]
[Result "0-1"]
[WhiteTitle "FM"]
[BlackTitle "GM"]
[WhiteElo "2230"]
[BlackElo "2564"]
[WhiteFideId "34566422"]
[BlackFideId "34184934"]
[EventDate "2025.06.03"]

1. d4 Nf6 2. Nf3 e6 3. Bg5 h6 4. Bxf6 Qxf6 5. e4 d6 6. Nbd2 g5 7. h3 Nc6 8. c3
Bd7 9. Qb3 O-O-O 10. a4 h5 11. h4 g4 12. Ng1 Bh6 13. Qc2 d5 14. e5 Qg7 15. O-O-O
f6 16. exf6 Qxf6 17. f3 e5 18. dxe5 Nxe5 19. b3 Bf5 20. Qb2 d4 21. cxd4 Qc6+ 0-1

[Event "Titled Tue 3rd Jan Late"]
[Site "chess.com INT"]
[Date "2025.06.03"]
[Round "2"]
[White "Sjugirov, Sanan"]
[Black "Antoniou, Rafail"]
[Result "1-0"]
[WhiteTitle "GM"]
[BlackTitle "CM"]
[WhiteElo "2638"]
[BlackElo "2134"]
[WhiteFideId "4189302"]
[BlackFideId "5904390"]
[EventDate "2025.06.03"]

1. e4 c5 2. Nf3 e6 3. d3 Nc6 4. g3 Nf6 5. Bg2 d5 6. Qe2 Be7 7. O-O O-O 8. e5 Nd7
9. c4 a6 10. Nc3 Ndb8 11. Bf4 b5 12. b3 b4 13. Na4 d4 14. h4 Bb7 15. h5 h6 16.
Nh2 Bg5 17. Bxg5 Qxg5 18. Nxc5 Bc8 19. Ng4 Ra7 20. Ne4 Qe7 21. Nef6+ gxf6 22.
Nxf6+ Kh8 23. Qe4 Bb7 24. Qh7# 1-0

[Event "Titled Tue 3rd Jan Late"]
[Site "chess.com INT"]
[Date "2025.06.03"]
[Round "2"]
[White "Diaz Cesar, Wilsaida Pieranlly"]
[Black "Brancaleoni, Maurizio"]
[Result "0-1"]
[WhiteTitle "WFM"]
[BlackTitle "FM"]
[WhiteElo "1892"]
[BlackElo "2185"]
[WhiteFideId "6403557"]
[BlackFideId "803022"]
[EventDate "2025.06.03"]

1. e4 c6 2. d4 d5 3. e5 c5 4. dxc5 e6 5. a3 Bxc5 6. b4 Be7 7. Nf3 a5 8. b5 Nd7
9. Bb2 Nh6 10. Bd3 O-O 11. O-O f6 12. exf6 Bxf6 13. Bxf6 Qxf6 14. Nbd2 e5 15.
Ne1 e4 16. Be2 Nc5 17. Nb3 Nxb3 18. cxb3 Be6 19. Nc2 Nf5 20. Qd2 d4 21. Bd1 d3
22. Ne3 Qxa1 23. Nxf5 Bxf5 0-1

[Event "Titled Tue 3rd Jan Late"]
[Site "chess.com INT"]
[Date "2025.06.03"]
[Round "2"]
[White "Harvey, Marcus R"]
[Black "Swara Lakshmi S Nair"]
[Result "1-0"]
[WhiteTitle "IM"]
[BlackTitle "WCM"]
[WhiteElo "2447"]
[BlackElo "2178"]
[WhiteFideId "400092"]
[BlackFideId "25629239"]
[EventDate "2025.06.03"]

1. c4 g6 2. Nf3 Nf6 3. h4 d5 4. cxd5 Nxd5 5. h5 Bg7 6. h6 Bf6 7. e4 Nb4 8. a3
Nd3+ 9. Bxd3 Qxd3 10. e5 Qe4+ 11. Qe2 Qxe2+ 12. Kxe2 Nc6 13. exf6 exf6 14. d3
Bg4 15. Be3 O-O-O 16. Nc3 Rhe8 17. Rhd1 Ne5 18. Ne4 Nxd3 19. Nxf6 Nf4+ 20. Kf1
Rxd1+ 21. Rxd1 Re6 22. Nxg4 Nh5 23. Ng5 f5 24. Nxe6 1-0